| Tag |
First Indicator |
Second Indicator |
Subfields |
| LEADER |
00000cam a2200000 a 4500 |
| 001 |
in00000017399 |
| 005 |
20151007053540.0 |
| 007 |
he amb||||||| |
| 008 |
880629r19751905njua bb 00110 eng d |
| 035 |
|
|
|a (OCoLC)18147835
|
| 035 |
|
|
|9 AAB2033AM
|
| 040 |
|
|
|a TXA
|c TXA
|d UtOrBLW
|
| 043 |
|
|
|a n-us---
|
| 049 |
|
|
|a TXAI
|
| 099 |
|
|
|a fiche
|a C
|a 7756
|
| 100 |
1 |
|
|a Crawford, Mary Caroline,
|d 1874-1932.
|
| 245 |
1 |
4 |
|a The college girl of America and the institutions which make her what she is /
|c by Mary Caroline Crawford.
|
| 264 |
|
1 |
|a Boston :
|b L.C. Page & Co.,
|c 1905
|
| 264 |
|
4 |
|c ©1904
|
| 300 |
|
|
|a xiv, 319 pages :
|b illustrations
|
| 336 |
|
|
|a text
|b txt
|2 rdacontent
|
| 337 |
|
|
|a microform
|b h
|2 rdamedia
|
| 338 |
|
|
|a microfiche
|b he
|2 rdacarrier
|
| 504 |
|
|
|a Bibliography: pages [xi].
|
| 500 |
|
|
|a Includes index.
|
| 500 |
|
|
|a Series is a subseries of the Gerritsen collection of women's history.
|
| 533 |
|
|
|a Microfiche.
|b Glen Rock, N.J. :
|c Microfilming Corp. of America,
|d 1975.
|e 5 microfiches ; 11 x 15 cm.
|f (Women's history: a literature of struggle ; no. A3).
|
| 500 |
|
|
|a Microform.
|
| 650 |
|
0 |
|a Women
|x Education
|z United States.
|
| 650 |
|
0 |
|a Education, Higher
|z United States.
|
| 830 |
|
0 |
|a Women's history, a literature of struggle ;
|v no. A3.
|
| 999 |
|
|
|a MARS
|
| 999 |
f |
f |
|s 822c6eed-e0e8-3450-a3b0-28d97de93af8
|i bbf6295f-a67e-3443-b0d7-152a8dd4cb91
|t 0
|
| 952 |
f |
f |
|p normal
|a Texas A&M University
|b College Station
|c Sterling C. Evans Library
|d Evans: Microforms (3rd floor)
|t 0
|e fiche C 7756
|h Other scheme
|i microform -- microfiche
|m A14822804427
|
| 998 |
f |
f |
|a fiche C 7756
|t 0
|l Evans: Microforms (3rd floor)
|